Click Fast - Statistics

General Stats
  • This quiz has been taken 127 times
  • The average score is 23 of 40
Answer Stats
Hint Answer % Correct
Click Me! 1
97%
Click Me! 2
93%
Click Me! 3
93%
Click Me! 4
91%
Click Me! 5
86%
Click Me! 6
84%
Click Me! 7
79%
Click Me! 8
77%
Click Me! 10
74%
Click Me! 9
74%
Click Me! 12
69%
Click Me! 11
67%
Click Me! 13
67%
Click Me! 14
67%
Click Me! 15
66%
Click Me! 16
61%
Click Me! 17
60%
Click Me! 18
50%
Click Me! 20
47%
Click Me! 19
46%
Click Me! 21
46%
Click Me! 23
46%
Click Me! 30
46%
Click Me! 22
44%
Click Me! 24
44%
Click Me! 25
44%
Click Me! 26
44%
Click Me! 27
44%
Click Me! 28
44%
Click Me! 29
44%
Click Me! 31
43%
Click Me! 38
43%
Click Me! 34
41%
Click Me! 35
41%
Click Me! 36
41%
Click Me! 37
41%
Click Me! 32
40%
Click Me! 33
40%
Click Me! 40
40%
Click Me! 39
39%
No matching quizzes found
Score Distribution
Percent of People with Each Score
Percentile by Number Answered
Your Score History
You have not taken this quiz